000 00231 a2200085 4500
082 _a665.5388 ASP
245 _aAsphalt in Hydraulics /
_cAsphalt Insititute
260 _aMaryland :
_cAsphalt Insititute,
_b1976
300 _a67p. :
_bill. ;
_c26cm
650 _aasphalt
999 _c1716
_d1716